000 00712nam a2200241 a 4500
001 BRCA_3696
005 20190320204403.0
008 080909s1961----fr-a---###---#000-0#fre-#
041 _afre
044 _afr
050 4 _aNK2547
_b.M48 10
_c1961
245 1 0 _aMeubles et ensembles
_bAuvergnats
_cintroduction par Stany Gauthier.
260 _aParis
_bCh. Massin
_c[1961]
300 _a1 v. (sin paginación)
_bil., 36 láminas
_c29 cm.
440 0 _aMeubles et ensembles
_v10
_99600
500 _aIncluye lista de láminas
500 _aB333
650 1 4 _aMuebles
_zAuvergne, Francia
_99601
650 1 4 _aMuebles franceses
_99602
700 1 _aGauthier, Stany
_eintrod
_99603
902 _aGFM
942 _2lcc
_cB
999 _c3426
_d3426